| 000 | 00404 a2200169 4500 | ||
|---|---|---|---|
| 001 | 189694 | ||
| 020 | _a85-274-0658-6 | ||
| 040 | _cMagnum | ||
| 100 | _aBraz, Julio Emilio | ||
| 240 | 1 | 0 |
_aO senhor rádio e a manhã maravilhosa _lpor |
| 245 | 1 | 0 | _aO senhor rádio e a manhã maravilhosa |
| 300 | _a31 | ||
| 362 | 0 | _a2002 | |
| 440 | 1 | _aÍcone | |
| 697 | _aLITERATURA INFANTO-JUVENIL | ||
| 942 | _cBK | ||
| 999 |
_c189694 _d189694 |
||